Vom Tollhaus zum Kastenhospital: ein Beitrag zur Geschichte der Psychiatrie in Frankfurt am Main
Entwicklung des Kastenhospitals in Frankfurt am Main aus medizinhistorischer Sicht: von den Anfängen als "Tollhaus" ab Anfang des 17. Jahrhundert bis zum Neubau der "Anstalt für Irre und Epileptische" auf dem Affensteiner Feld im Jahre 1864. Darstellung des Personals, der Einweis...
| 1. VerfasserIn: | |
|---|---|
| Medienart: | Druck Buch |
| Sprache: | Deutsch |
| Veröffentlicht: |
Hildesheim
Olms Weidmann
1986
|
| In: |
Frankfurter Beiträge zur Geschichte, Theorie und Ethik der Medizin (5)
Jahr: 1986 |
| Verfügbarkeit prüfen: | HBZ Gateway |
| Subito Bestelldienst: | Jetzt bestellen. |
| Bände / Aufsätze: | Bände / Aufsätze anzeigen. |
| Schlagwörter: |
MARC
| LEADER | 00000cam a2200000 c 4500 | ||
|---|---|---|---|
| 001 | 026598027 | ||
| 003 | DE-627 | ||
| 005 | 20260206195708.0 | ||
| 007 | tu | ||
| 008 | 870707s1986 gw ||||| m 00| ||ger c | ||
| 015 | |a 87,H09,0699 |2 dnb | ||
| 016 | 7 | |a 870923374 |2 DE-101 | |
| 020 | |a 3487077671 |9 3-487-07767-1 | ||
| 035 | |a (DE-627)026598027 | ||
| 035 | |a (DE-603)007304536 | ||
| 035 | |a (DE-576)013334220 | ||
| 035 | |a (DE-599)GBV026598027 | ||
| 035 | |a (OCoLC)16447631 | ||
| 035 | |a (OCoLC)310704091 | ||
| 035 | |a (OCoLC)263106138 | ||
| 040 | |a DE-627 |b ger |c DE-627 |e rakwb | ||
| 041 | |a ger | ||
| 044 | |c XA-DE | ||
| 060 | 0 | |a WZ 112.5.P6 | |
| 084 | |a 33 |2 sdnb | ||
| 084 | |a XB 4600 |2 rvk |0 (DE-625)rvk/152471:12905 | ||
| 084 | |a XB 4602 |2 rvk |0 (DE-625)rvk/152471:12908 | ||
| 084 | |a XB 5693 |2 rvk |0 (DE-625)rvk/152481:13002 | ||
| 084 | |a PH 9020 |2 rvk |0 (DE-625)rvk/136530: | ||
| 084 | |a YH 1500 |2 rvk |0 (DE-625)rvk/153519:12905 | ||
| 084 | |a 44.01 |2 bkl | ||
| 084 | |a 44.91 |2 bkl | ||
| 100 | 1 | |a Braum, Dagmar |4 aut | |
| 245 | 1 | 0 | |a Vom Tollhaus zum Kastenhospital |b ein Beitrag zur Geschichte der Psychiatrie in Frankfurt am Main |c von Dagmar Braum |
| 264 | 1 | |a Hildesheim |b Olms Weidmann |c 1986 | |
| 300 | |a 211 S. |b Ill., graph. Darst. | ||
| 336 | |a Text |b txt |2 rdacontent | ||
| 337 | |a ohne Hilfsmittel zu benutzen |b n |2 rdamedia | ||
| 338 | |a Band |b nc |2 rdacarrier | ||
| 490 | 1 | |a Frankfurter Beiträge zur Geschichte, Theorie und Ethik der Medizin |v 5 | |
| 500 | |a Literaturverz. S. 172 - 187 | ||
| 502 | |a Zugl.: Frankfurt am Main, Univ., Diss., 1985 | ||
| 520 | |a Entwicklung des Kastenhospitals in Frankfurt am Main aus medizinhistorischer Sicht: von den Anfängen als "Tollhaus" ab Anfang des 17. Jahrhundert bis zum Neubau der "Anstalt für Irre und Epileptische" auf dem Affensteiner Feld im Jahre 1864. Darstellung des Personals, der Einweisungs- und Entlassungskriterien, des Umgangs mit den Patienten sowie der medizinischen Versorgung. Im Anhang finden sich Dienstanweisungen und Verwaltungsordnungen | ||
| 583 | 1 | |a Archivierung/Langzeitarchivierung gewährleistet |f PENI |x XA-DE-NI |2 pdager |5 DE-35 | |
| 610 | 2 | 7 | |0 (DE-588)4137850-7 |0 (DE-627)104688513 |0 (DE-576)209681128 |a Anstalt für Irre und Epileptische |2 gnd |
| 650 | 2 | |a Hospitals, Psychiatric |x history |x Germany, West | |
| 650 | 2 | |a Psychiatric |x history |x Germany, West | |
| 650 | 2 | |a Academic Dissertations | |
| 651 | 7 | |0 (DE-588)4018118-2 |0 (DE-627)106327356 |0 (DE-576)208922695 |a Frankfurt am Main |2 gnd | |
| 655 | 7 | |a Hochschulschrift |0 (DE-588)4113937-9 |0 (DE-627)105825778 |0 (DE-576)209480580 |2 gnd-content | |
| 689 | 0 | 0 | |d g |0 (DE-588)4018118-2 |0 (DE-627)106327356 |0 (DE-576)208922695 |a Frankfurt am Main |2 gnd |
| 689 | 0 | 1 | |d s |0 (DE-588)4047667-4 |0 (DE-627)104826258 |0 (DE-576)209074299 |a Psychiatrie |2 gnd |
| 689 | 0 | 2 | |a z |2 gnd |a Geschichte |
| 689 | 0 | |5 DE-101 | |
| 689 | 1 | 0 | |d b |0 (DE-588)4137850-7 |0 (DE-627)104688513 |0 (DE-576)209681128 |a Anstalt für Irre und Epileptische |2 gnd |
| 689 | 1 | 1 | |a z |2 gnd |a Geschichte |
| 689 | 1 | |5 (DE-627) | |
| 751 | |a Frankfurt am Main |4 uvp | ||
| 830 | 0 | |a Frankfurter Beiträge zur Geschichte, Theorie und Ethik der Medizin |v 5 |9 5 |w (DE-627)130659592 |w (DE-576)058271643 |w (DE-600)848723-6 |x 0179-0668 |7 am | |
| 935 | |i Blocktest | ||
| 936 | r | v | |a XB 4600 |b Allgemeines |k Medizin |k Geschichte der Medizin |k Spezielle Geschichte der Medizin, Geschichte einzelner medizin. Disziplinen |k Geschichte der medizinischen Ausbildung und der medizinischen Ausbildungsstätten, Krankenhauswesen, Krankenpflege |k Allgemeines |0 (DE-627)1270876708 |0 (DE-625)rvk/152471:12905 |0 (DE-576)200876708 |
| 936 | r | v | |a XB 4602 |b Atlanten, Abbildungswerke |k Medizin |k Geschichte der Medizin |k Spezielle Geschichte der Medizin, Geschichte einzelner medizin. Disziplinen |k Geschichte der medizinischen Ausbildung und der medizinischen Ausbildungsstätten, Krankenhauswesen, Krankenpflege |k A. Formalschlüssel |k Atlanten, Abbildungswerke |0 (DE-627)1276770278 |0 (DE-625)rvk/152471:12908 |0 (DE-576)206770278 |
| 936 | r | v | |a XB 5693 |b Neurologie, Psychiatrie und Psychotherapie, Medizinische Psychologie |k Medizin |k Geschichte der Medizin |k Spezielle Geschichte der Medizin, Geschichte einzelner medizin. Disziplinen |k Neurologie, Psychiatrie, Medizinische Psychologie, Kinderheilkunde |k B. Sachschlüssel |k Unterteilung nach medizinischen Disziplinen |k Neurologie, Psychiatrie und Psychotherapie, Medizinische Psychologie |0 (DE-627)1271708124 |0 (DE-625)rvk/152481:13002 |0 (DE-576)201708124 |
| 936 | r | v | |a PH 9020 |b Strafjustiz; Strafverfahren; Rechtsmedizin; Gerichtlicher Sachverständiger; Gerichtliche Psychiatrie; Kriminalpsychiatrie; Gerichtliche Psychologie; Aussagepsychologie |k Rechtswissenschaft |k Strafrecht, Strafverfahrensrecht, Kriminologie |k Kriminologie |k Strafverfahren und Strafvollzug; Empirische Bezugswissenschaften zur Kriminalrechtspflege; Forschung zu strafrechtlicher Sozialkontrolle |k Strafjustiz; Strafverfahren; Rechtsmedizin; Gerichtlicher Sachverständiger; Gerichtliche Psychiatrie; Kriminalpsychiatrie; Gerichtliche Psychologie; Aussagepsychologie |0 (DE-627)1271677156 |0 (DE-625)rvk/136530: |0 (DE-576)201677156 |
| 936 | r | v | |a YH 1500 |b Allgemeines |k Medizin |k Psychiatrie, Medizinische Psychologie |k Allgemeine Psychiatrie/Medizinische Psychologie |k Allgemeines |k Allgemeines |0 (DE-627)1270915711 |0 (DE-625)rvk/153519:12905 |0 (DE-576)200915711 |
| 936 | b | k | |a 44.01 |j Geschichte der Medizin |0 (DE-627)106409638 |
| 936 | b | k | |a 44.91 |j Psychiatrie |j Psychopathologie |0 (DE-627)106409972 |
| 936 | s | n | |a p100 |2 mzub |
| 936 | s | n | |a w200 |2 mzub |
| 951 | |a BO | ||
| ELC | |b 1 | ||
| LOK | |0 000 xxxxxcx a22 zn 4500 | ||
| LOK | |0 001 3275373919 | ||
| LOK | |0 003 DE-627 | ||
| LOK | |0 004 026598027 | ||
| LOK | |0 005 20140820162449 | ||
| LOK | |0 008 140820||||||||||||||||ger||||||| | ||
| LOK | |0 040 |a DE-21-110 |c DE-627 |d DE-21-110 | ||
| LOK | |0 852 |z Kein Bestand am IfK; Nachweis für KrimDok | ||
| LOK | |0 852 |a DE-21-110 | ||
| LOK | |0 852 1 |m v |9 00 | ||
| LOK | |0 935 |a k110 | ||
| LOK | |0 938 |k v | ||
| LOK | |0 939 |a 20-08-14 |b l01 | ||
| ORI | |a SA-MARC-krimdoka001.raw | ||
| SPR | |a 1 |t KRI | ||
